Temps géologique du cénozoïque - Statistiques

Statistiques générales
  • Ce quiz a été pris 23 fois
  • Le résultat moyen est 22 sur 40
Statistiques - réponses
Réponse % Correct
Cénozoïque
100%
Quaternaire
93%
Holocène
86%
Phanérozoïque
86%
Néogène
79%
Oligocène
79%
Paléocène
79%
Paléogène
79%
Pléistocène
71%
Aquitanien
64%
Bartonien
64%
Chattien
64%
Danien
64%
Eocène
64%
Lutétien
64%
Miocène
64%
Pliocène
64%
Rupélien
64%
Sélandien
64%
Thanétien
64%
Yprésien
64%
Burdigalien
57%
Gélasien
57%
Langhien
57%
Messinien
57%
Priabonien
57%
Serravallien
57%
Supérieur
57%
Tortonien
57%
Zancléen
57%
Calabrien
50%
Chibanien
50%
Actuel
21%
Piacenzien
14%
66
7%
Greenlandien
7%
Méghalayen
7%
Northgrippien
7%
23,04
0%
2,58
0%
Aucun quiz correspondant
Distribution des résultats
% des personnes avec chaque résultat
Percentile par nombre de réponses
Votre historique - résultats
Vous n’avez pas pris ce quiz